|
|
|
|
| LEADER |
00000nas a2200000 a 4500 |
| 005 |
2011092208248.0 |
| 008 |
930108c1945 xxu|| ||| ||| 0 ||eng|c |
| 022 |
|
|
|a 0041-9907
|
| 035 |
|
|
|a 2891
|
| 040 |
|
|
|d vLex
|
| 090 |
|
|
|c 2537
|d 2537
|
| 222 |
|
0 |
|a University of Pennsylvania law review
|
| 245 |
0 |
0 |
|a University of Pennsylvania law review
|h [Recurso electrn̤ico]
|
| 256 |
|
|
|a Servicio en ln̕ea.
|
| 260 |
|
|
|a [Philadelphia :
|b the University,
|c 1945]-
|
| 300 |
|
|
|a 1 recurso electrn̤ico
|
| 310 |
|
|
|a 8 nm︢s. al aǫ; trimestral; des de 1970, 6 nm︢s. al aǫ
|
| 362 |
0 |
|
|a [Vol. 93 (1944/45)]-
|
| 500 |
|
|
|a Descripcin̤ basada en: Vol. 132, no. 1 (1984, Jan.)
|
| 506 |
1 |
|
|a Contenido solo disponible en los productos indicados
|d vLex Global
|d vLex Global (Academic Edition, excluding Law Schools)
|d vLex Global (Academic Edition, Law Schools)
|
| 580 |
|
|
|a Continuacin̤ de: American law register = ISSN 0749-9833
|
| 650 |
0 |
4 |
|a Derecho civil
|
| 650 |
0 |
4 |
|a Derecho pb︢lico
|
| 710 |
2 |
|
|a University of Pennsylvania.
|b Law School
|
| 740 |
0 |
|
|a vLex Revistas (Servicio en ln̕ea)
|
| 856 |
4 |
0 |
|u http://vlex.com/source/university-pennsylvania-law-review-2891
|z Acceso restringido
|
| 942 |
|
|
|c REV
|